[Event "Steyr Landesliga 1516"]
[Site "Austria"]
[Date "2015.10.10"]
[Round "2.4"]
[White "Leitner, Kurt"]
[Black "Wallner, Joachim"]
[Result "1/2-1/2"]
[WhiteElo "2153"]
[BlackElo "2323"]
[PlyCount "55"]
[EventDate "2015.09.26"]
[EventType "team-tourn"]
[EventRounds "11"]
[EventCountry "AUT"]
[SourceTitle "EXT 2017"]
[Source "ChessBase"]
[SourceDate "2016.10.25"]
[SourceVersion "1"]
[SourceVersionDate "2016.10.25"]
[SourceQuality "1"]
[WhiteTeam "Leibnitz Software"]
[BlackTeam "Pinggau Friedberg"]
[WhiteTeamCountry "AUT"]
[BlackTeamCountry "AUT"]

1. e4 c5 2. c3 Nf6 3. e5 Nd5 4. d4 cxd4 5. Qxd4 e6 6. Nf3 Nc6 7. Qe4 d6 8. Nbd2 dxe5 9. Nxe5 Nxe5 10. Qxe5 Qd6 11. Qxd6 Bxd6 12. Ne4 Be7 13. Bb5+ Bd7 14. Bxd7+ Kxd7 15. c4 Nb4 16. 0-0 Rhd8 17. Be3 Kc6 18. Rac1 f5 19. Ng5 Bxg5 20. Bxg5 Rd7 21. Rce1 Re8 22. Re2 e5 23. f3 b5 24. b3 h6 25. Bh4 Nd3 26. Be1 a6 27. Bc3 bxc4 28. bxc4 1/2-1/2

[Event "Steyr Landesliga 1415"]
[Site "Austria"]
[Date "2015.04.25"]
[Round "11.4"]
[White "Leitner, Kurt"]
[Black "Janisch, Robert"]
[Result "1/2-1/2"]
[WhiteElo "2144"]
[BlackElo "2095"]
[PlyCount "33"]
[EventDate "2014.09.27"]
[EventType "team-tourn"]
[EventRounds "11"]
[EventCountry "AUT"]
[SourceTitle "EXT 2016"]
[Source "ChessBase"]
[SourceDate "2015.10.08"]
[SourceVersion "1"]
[SourceVersionDate "2015.10.08"]
[SourceQuality "1"]
[WhiteTeam "Leibnitz Software"]
[BlackTeam "Fuerstenfeld/Hartberg"]
[WhiteTeamCountry "AUT"]
[BlackTeamCountry "AUT"]

1. d4 d6 2. e4 Nf6 3. Nc3 c6 4. h3 Nbd7 5. Nf3 e5 6. Be3 Be7 7. Be2 0-0 8. 0-0 Re8 9. dxe5 dxe5 10. Qd2 Qc7 11. Rad1 b5 12. a3 a5 13. Bd3 Nc5 14. Bxc5 Bxc5 15. Qe2 h6 16. Nb1 Be6 17. c4 1/2-1/2

[Event "Steyr Landesliga 1213"]
[Site "Austria"]
[Date "2012.11.03"]
[Round "3.6"]
[White "Hochwarter, Martin"]
[Black "Leitner, Kurt"]
[Result "1-0"]
[WhiteElo "1949"]
[BlackElo "2150"]
[PlyCount "67"]
[EventDate "2012.09.22"]
[EventType "team-tourn"]
[EventRounds "11"]
[EventCountry "AUT"]
[SourceTitle "EXT 2014"]
[Source "ChessBase"]
[SourceDate "2013.11.20"]
[SourceVersion "1"]
[SourceVersionDate "2013.11.20"]
[SourceQuality "1"]
[WhiteTeam "Graz Austria"]
[BlackTeam "Leibnitz"]
[WhiteTeamCountry "AUT"]
[BlackTeamCountry "AUT"]

1. d4 Nf6 2. c4 e5 3. dxe5 Ng4 4. Nc3 Nc6 5. Nf3 Bc5 6. e3 Ngxe5 7. Be2 0-0 8. 0-0 d6 9. Na4 Bb6 10. a3 Nxf3+ 11. Bxf3 Qh4 12. Nxb6 axb6 13. b3 Qf6 14. Ra2 Ra5 15. Rd2 Rg5 16. Bb2 Ne5 17. Be4 Qh6 18. f4 Ng4 19. h3 Rh5 20. hxg4 Rh1+ 21. Kf2 Qh4+ 22. Ke2 Rh2 23. Kd3 Bxg4 24. Qe1 d5 25. cxd5 Qe7 26. Qg3 Re8 27. Be5 f5 28. Bf3 Rh4 29. b4 Rd8 30. Kc3 Ra8 31. Kb2 g5 32. Rc1 Ra4 33. d6 cxd6 34. Bd5+ 1-0

[Event "AUT-chT2M 0203"]
[Site "Austria"]
[Date "2002.10.11"]
[Round "1"]
[White "Leitner, Kurt"]
[Black "Fauland, Alexander"]
[Result "1/2-1/2"]
[WhiteElo "2153"]
[BlackElo "2427"]
[PlyCount "61"]
[EventDate "2002.10.11"]
[EventType "team"]
[EventRounds "11"]
[EventCountry "AUT"]
[SourceTitle "CBM 090 Extra"]
[Source "ChessBase"]
[SourceDate "2002.11.07"]
[SourceVersion "1"]
[SourceVersionDate "2002.11.07"]
[SourceQuality "1"]

1. e4 c5 2. c3 d5 3. exd5 Qxd5 4. d4 Nc6 5. Nf3 Nf6 6. Be3 cxd4 7. cxd4 e6 8. Nc3 Qd6 9. a3 Be7 10. Bd3 0-0 11. 0-0 b6 12. Qe2 Bb7 13. Rad1 Rfd8 14. Bb1 Rac8 15. Rfe1 g6 16. Ba2 Nd5 17. Nxd5 exd5 18. Ne5 Nxe5 19. Bf4 Qe6 20. Bxe5 f6 21. Bf4 Qxe2 22. Rxe2 Kf7 23. Rde1 Bf8 24. Rc1 Rxc1+ 25. Bxc1 Rc8 26. Be3 Ke6 27. f3 Ba6 28. Re1 Bc4 29. Bh6+ Kd6 30. Bxf8+ Rxf8 31. Bb1 1/2-1/2

[Event "AUT-ch"]
[Site "Frohnleiten"]
[Date "2000.??.??"]
[Round "7.28"]
[White "Krebs, Johann"]
[Black "Leitner, Kurt"]
[Result "1-0"]
[WhiteElo "2209"]
[BlackElo "2162"]
[PlyCount "73"]
[EventDate "2000.08.05"]
[EventType "swiss"]
[EventRounds "9"]
[EventCountry "AUT"]
[SourceTitle "CBM 077 Extra"]
[Source "ChessBase"]
[SourceDate "2000.09.14"]
[SourceVersion "1"]
[SourceVersionDate "2000.09.14"]
[SourceQuality "1"]

1. d4 d5 2. c4 e6 3. Nc3 c6 4. Nf3 f5 5. g3 Nf6 6. Bg2 Be7 7. 0-0 0-0 8. b3 Nbd7 9. Bb2 Ne4 10. Qc2 Ndf6 11. Ne5 Qe8 12. a4 Qh5 13. Nxe4 fxe4 14. Ba3 Bxa3 15. Rxa3 Ng4 16. Nxg4 Qxg4 17. Qd2 e5 18. cxd5 cxd5 19. dxe5 Be6 20. f3 Qh5 21. Qd4 Rac8 22. Ra2 Kh8 23. Rd2 Rc6 24. fxe4 Rxf1+ 25. Bxf1 Rc1 26. exd5 Bg4 27. Rd1 Rc2 28. Re1 Qg6 29. d6 Bd7 30. Qf4 h5 31. Rc1 Rb2 32. Rc7 Qe8 33. Qg5 Rb1 34. Qe7 Rxf1+ 35. Kxf1 Bh3+ 36. Ke1 Qg6 37. Qf7 1-0

[Event "AUT-ch"]
[Site "Frohnleiten"]
[Date "2000.??.??"]
[Round "4.20"]
[White "Leitner, Kurt"]
[Black "Holzer, Gerhard"]
[Result "1/2-1/2"]
[WhiteElo "2162"]
[BlackElo "2287"]
[PlyCount "80"]
[EventDate "2000.08.05"]
[EventType "swiss"]
[EventRounds "9"]
[EventCountry "AUT"]
[SourceTitle "CBM 077 Extra"]
[Source "ChessBase"]
[SourceDate "2000.09.14"]
[SourceVersion "1"]
[SourceVersionDate "2000.09.14"]
[SourceQuality "1"]

1. e4 d6 2. d4 Nf6 3. Nc3 g6 4. h3 c6 5. a4 Nbd7 6. Nf3 e5 7. Be2 Bg7 8. dxe5 dxe5 9. Be3 Qe7 10. Nd2 0-0 11. Nc4 Ne8 12. 0-0 Nc5 13. Qd2 Ne6 14. Rfd1 Nd4 15. Bg5 Nxe2+ 16. Nxe2 f6 17. Be3 Be6 18. Qc3 Rf7 19. b4 Qc7 20. a5 Rd7 21. Bc5 Bf8 22. Bxf8 Kxf8 23. Nb2 Kg7 24. Rxd7+ Qxd7 25. Nd3 Qf7 26. Nc5 Rd8 27. Nxe6+ Qxe6 28. Qc5 a6 29. Qb6 Rd7 30. Nc3 Qc4 31. Rd1 Rxd1+ 32. Nxd1 Qf7 33. Qd8 Nc7 34. Ne3 Ne6 35. Qd6 Nf4 36. Qc5 Qd7 37. Kh2 h5 38. Nc4 Ne6 39. Qd6 Qxd6 40. Nxd6 Nd8 1/2-1/2

[Event "AUT-ch"]
[Site "Frohnleiten"]
[Date "2000.??.??"]
[Round "2.10"]
[White "Leitner, Kurt"]
[Black "Wukits, Rene"]
[Result "1/2-1/2"]
[WhiteElo "2162"]
[BlackElo "2347"]
[PlyCount "68"]
[EventDate "2000.08.05"]
[EventType "swiss"]
[EventRounds "9"]
[EventCountry "AUT"]
[SourceTitle "CBM 077 Extra"]
[Source "ChessBase"]
[SourceDate "2000.09.14"]
[SourceVersion "1"]
[SourceVersionDate "2000.09.14"]
[SourceQuality "1"]

1. e4 b6 2. d4 Bb7 3. Bd3 e6 4. Nf3 c5 5. c3 Be7 6. 0-0 Nf6 7. Qe2 Nc6 8. a3 Na5 9. Nbd2 c4 10. Nxc4 Nxc4 11. e5 Nd6 12. exd6 Bxd6 13. Ne5 Qc7 14. Re1 h6 15. h3 g5 16. a4 Ke7 17. Nc4 Bh2+ 18. Kh1 Qc6 19. Ne3 Bb8 20. c4 Kf8 21. b3 Qc7 22. Nf1 d5 23. Ba3+ Kg7 24. c5 bxc5 25. Bxc5 Ne4 26. Rac1 Qf4 27. Bxe4 dxe4 28. Ng3 h5 29. Qxh5 g4 30. d5 Bxd5 31. Be3 Qf6 32. Bd4 Qxd4 33. Qg5+ Kh7 34. Qh5+ Kg7 1/2-1/2

[Event "Oberwart op"]
[Site "Oberwart"]
[Date "2000.??.??"]
[Round "6"]
[White "Wohlfahrt, Herbert J"]
[Black "Leitner, Kurt"]
[Result "1-0"]
[WhiteElo "2281"]
[BlackElo "2146"]
[PlyCount "92"]
[EventDate "2000.??.??"]
[EventType "swiss"]
[EventRounds "9"]
[EventCountry "AUT"]
[SourceTitle "EXT 2001"]
[Source "ChessBase"]
[SourceDate "2000.11.22"]
[SourceVersion "1"]
[SourceVersionDate "2000.11.22"]
[SourceQuality "1"]

1. Nf3 c5 2. c4 Nc6 3. Nc3 Nf6 4. g3 d5 5. cxd5 Nxd5 6. Bg2 e5 7. Nxe5 Be6 8. Nxc6 bxc6 9. d3 Be7 10. Bd2 0-0 11. 0-0 Rb8 12. b3 h5 13. Rc1 h4 14. Ne4 Nb4 15. Nxc5 hxg3 16. hxg3 Bd5 17. Bxd5 Nxd5 18. Kg2 Rb5 19. Ne4 f5 20. Nc3 Nxc3 21. Rxc3 f4 22. Bxf4 Rbf5 23. e4 Rxf4 24. gxf4 Rxf4 25. Qh5 Rh4 26. Qf5 Qd6 27. Rh1 Rf4 28. Qc8+ Kf7 29. Qxc6 Rxf2+ 30. Kxf2 Qf4+ 31. Ke1 Qe3+ 32. Kd1 Qf3+ 33. Kc2 Qxh1 34. Qd5+ Kg6 35. Qf5+ Kh6 36. Rc6+ Bf6 37. Rxf6+ gxf6 38. Qxf6+ Kh7 39. Qf2 a5 40. Qa7+ Kg8 41. Qxa5 Qf1 42. Qc3 Qf2+ 43. Qd2 Qc5+ 44. Kb1 Qd4 45. a4 Qb6 46. Ka2 Qc5 1-0

[Event "Karl Wagner Memorial 5th"]
[Site "Graz"]
[Date "1998.09.09"]
[Round "5.26"]
[White "Leitner, Kurt"]
[Black "Wallner, Joachim"]
[Result "1-0"]
[WhiteElo "2115"]
[BlackElo "2240"]
[PlyCount "101"]
[EventDate "1998.09.??"]
[EventType "swiss"]
[EventRounds "9"]
[EventCountry "AUT"]
[SourceTitle "EXT 1999"]
[Source "ChessBase"]
[SourceDate "1998.11.16"]
[SourceVersion "1"]
[SourceVersionDate "1998.11.16"]
[SourceQuality "1"]

1. e4 c5 2. c3 d5 3. exd5 Qxd5 4. d4 Nc6 5. Nf3 Bg4 6. Be2 e6 7. h3 Bf5 8. 0-0 Rc8 9. c4 Qd8 10. d5 Nb4 11. Na3 a6 12. g4 Bg6 13. Bf4 Bd6 14. Bxd6 Qxd6 15. dxe6 Qxe6 16. Re1 Ne7 17. Bf1 Qf6 18. Ne5 Rc7 19. Qa4+ Nbc6 20. Rad1 b5 21. Nxb5 axb5 22. Qa8+ Rc8 23. Qxc8+ Nxc8 24. Nxc6+ Kf8 25. Rd8+ Qxd8 26. Nxd8 bxc4 27. Bxc4 Nd6 28. Bd5 Bd3 29. Re3 c4 30. b3 g6 31. bxc4 Bxc4 32. Bxc4 Nxc4 33. Rc3 Ne5 34. Nc6 Nxc6 35. Rxc6 Kg7 36. Ra6 h5 37. Kg2 hxg4 38. hxg4 Rc8 39. Kg3 Rc4 40. g5 Rc5 41. Kg4 Rc4+ 42. f4 Rc3 43. a4 Ra3 44. a5 Ra1 45. Ra7 Ra2 46. Kf3 Ra1 47. a6 Ra3+ 48. Ke4 Ra4+ 49. Kd5 Ra5+ 50. Kd6 Rf5 51. Rc7 1-0

[Event "Karl Wagner Memorial 5th"]
[Site "Graz"]
[Date "1998.09.07"]
[Round "3.21"]
[White "Leitner, Kurt"]
[Black "Grabher, Heinz"]
[Result "1-0"]
[WhiteElo "2115"]
[BlackElo "2285"]
[PlyCount "109"]
[EventDate "1998.09.??"]
[EventType "swiss"]
[EventRounds "9"]
[EventCountry "AUT"]
[SourceTitle "EXT 1999"]
[Source "ChessBase"]
[SourceDate "1998.11.16"]
[SourceVersion "1"]
[SourceVersionDate "1998.11.16"]
[SourceQuality "1"]

1. e4 c5 2. c3 Nf6 3. e5 Nd5 4. d4 cxd4 5. Qxd4 e6 6. Nf3 Nc6 7. Qe4 d6 8. Bc4 Nb6 9. Bb3 d5 10. Qe2 Qc7 11. 0-0 Nd7 12. Bf4 b6 13. Bg3 Nc5 14. Na3 Ba6 15. Nb5 Bxb5 16. Qxb5 Be7 17. Nd4 Rc8 18. Bc2 0-0 19. Nxc6 Qxc6 20. Qxc6 Rxc6 21. Rad1 Nb7 22. Ba4 Rc7 23. Bf4 Rc4 24. Rd4 Rxd4 25. cxd4 Rc8 26. Rc1 Rxc1+ 27. Bxc1 Na5 28. Bb5 f6 29. f4 Kf7 30. Kf2 f5 31. Ke2 h6 32. Kd3 Bb4 33. g3 Nb7 34. a3 Bf8 35. Bd2 Na5 36. h3 Nb7 37. g4 fxg4 38. hxg4 g6 39. f5 gxf5 40. gxf5 exf5 41. Bc6 Nd8 42. Bxd5+ Ne6 43. Kc4 h5 44. Kb5 Ke7 45. Bb4+ Kd7 46. Bxe6+ Kxe6 47. Bxf8 f4 48. Kc4 h4 49. Bh6 Kf5 50. e6 f3 51. Kd3 h3 52. e7 h2 53. e8Q h1Q 54. Qf7+ Kg4 55. Qg6+ 1-0

[Event "AUT-chT2S 9596"]
[Site "Austria"]
[Date "1996.??.??"]
[Round "?"]
[White "Nickl, Klaus"]
[Black "Leitner, Kurt"]
[Result "1-0"]
[WhiteElo "2185"]
[BlackElo "2120"]
[PlyCount "65"]
[EventDate "1995.??.??"]
[EventType "team-tourn"]
[EventRounds "11"]
[EventCountry "AUT"]
[SourceTitle "EXT 1999"]
[Source "ChessBase"]
[SourceDate "1998.11.16"]
[SourceVersion "1"]
[SourceVersionDate "1998.11.16"]
[SourceQuality "1"]

1. d4 f5 2. Nf3 Nf6 3. g3 b6 4. Bg2 Bb7 5. 0-0 e6 6. c4 Be7 7. Nc3 0-0 8. d5 Qc8 9. Nd4 c5 10. Nc2 e5 11. e4 fxe4 12. Nxe4 d6 13. Ng5 Qf5 14. Ne6 Nbd7 15. Ne3 Qg6 16. Nxf8 Rxf8 17. Bh3 Kh8 18. Bf5 Qe8 19. a4 a5 20. b3 Bc8 21. f3 Nh5 22. Be6 Bg5 23. Nf5 Qg6 24. Kh1 Bh6 25. Bxh6 gxh6 26. Nxd6 Ndf6 27. Nxc8 Nxg3+ 28. hxg3 Nh5 29. g4 Nf4 30. Qe1 h5 31. Qxe5+ Rf6 32. g5 Qg7 33. Qxf6 1-0

[Event "AUT-chT2S 9495"]
[Site "Austria"]
[Date "1995.??.??"]
[Round "3"]
[White "Leitner, Kurt"]
[Black "Keuschnig, Siegfried"]
[Result "1-0"]
[WhiteElo "2125"]
[BlackElo "2085"]
[PlyCount "107"]
[EventDate "1994.??.??"]
[EventType "team"]
[EventRounds "11"]
[EventCountry "AUT"]
[SourceTitle "EXT 1998"]
[Source "ChessBase"]
[SourceDate "1997.11.17"]
[SourceVersion "1"]
[SourceVersionDate "1997.11.17"]
[SourceQuality "1"]

1. e4 c6 2. d4 d5 3. f3 e6 4. Nc3 Bb4 5. Bf4 Nf6 6. e5 Nfd7 7. a3 Bxc3+ 8. bxc3 c5 9. Be3 Nc6 10. f4 Qa5 11. Bd2 Qa4 12. Rb1 a6 13. Bd3 c4 14. Bf1 0-0 15. Qc1 f6 16. Nf3 Rf7 17. Be2 Nf8 18. 0-0 b5 19. Kh1 Bd7 20. Rg1 Ng6 21. Be3 Kf8 22. h4 Ke7 23. h5 Nf8 24. Nh4 Kd8 25. h6 f5 26. g4 g6 27. gxf5 exf5 28. Nf3 Ne6 29. Bf2 Kc7 30. Bh4 Qa5 31. Qb2 Ne7 32. Ng5 Nxg5 33. Bxg5 Qa4 34. Bf3 Be6 35. Bxe7 Rxe7 36. Qb4 Qxb4 37. Rxb4 Kc6 38. Rgb1 Rb7 39. a4 Rg8 40. axb5+ axb5 41. Ra1 Rgb8 42. Kh2 Kd7 43. Kg3 Bf7 44. Kh4 Ke6 45. Kg5 Be8 46. Rb2 Bc6 47. Ra6 Rb6 48. Rba2 R8b7 49. Ra8 b4 50. cxb4 c3 51. R2a6 Bb5 52. Rxb6+ Rxb6 53. Rf8 Bc6 54. Rf6+ 1-0

[Event "AUT-chT2S 9495"]
[Site "Austria"]
[Date "1995.??.??"]
[Round "1"]
[White "Leitner, Kurt"]
[Black "Kratschmer, Heinz"]
[Result "1-0"]
[WhiteElo "2125"]
[BlackElo "2070"]
[PlyCount "83"]
[EventDate "1994.??.??"]
[EventType "team"]
[EventRounds "11"]
[EventCountry "AUT"]
[SourceTitle "EXT 1998"]
[Source "ChessBase"]
[SourceDate "1997.11.17"]
[SourceVersion "1"]
[SourceVersionDate "1997.11.17"]
[SourceQuality "1"]

1. d4 Nf6 2. c4 g6 3. Nc3 d5 4. cxd5 Nxd5 5. Nf3 Bg7 6. Qb3 Nb6 7. e4 Bxd4 8. Nxd4 Qxd4 9. Be3 Qe5 10. f4 Qe6 11. Nd5 Nxd5 12. Bc4 c6 13. exd5 Qf6 14. Rd1 0-0 15. 0-0 cxd5 16. Bxd5 Nc6 17. f5 gxf5 18. Bxc6 bxc6 19. Bd4 e5 20. Qg3+ Qg7 21. Qxg7+ Kxg7 22. Bxe5+ f6 23. Bf4 Be6 24. Rf3 Kf7 25. Rh3 Rh8 26. Rd6 Rag8 27. Ra3 Ra8 28. Rxc6 Rhc8 29. Rxc8 Bxc8 30. Rc3 Bd7 31. Kf2 Rc8 32. Rxc8 Bxc8 33. Ke3 Ke6 34. Kd4 Bb7 35. g3 Kd7 36. Kc5 Bf3 37. b4 Bd1 38. b5 Ba4 39. Bb8 Kc8 40. Bxa7 Kb7 41. Bb6 Bc2 42. Bd8 1-0

[Event "AUT-chT2S 9394"]
[Site "Austria"]
[Date "1994.??.??"]
[Round "?"]
[White "Stiffler, Emil"]
[Black "Leitner, Kurt"]
[Result "1/2-1/2"]
[WhiteElo "2065"]
[BlackElo "2125"]
[PlyCount "20"]
[EventDate "1993.??.??"]
[EventType "team"]
[EventRounds "11"]
[EventCountry "AUT"]
[SourceTitle "EXT 1998"]
[Source "ChessBase"]
[SourceDate "1997.11.17"]
[SourceVersion "1"]
[SourceVersionDate "1997.11.17"]
[SourceQuality "1"]

1. Nf3 d6 2. d4 g6 3. c4 Bg7 4. Nc3 Nf6 5. g3 0-0 6. Bg2 Nbd7 7. 0-0 c6 8. e4 Ne8 9. h3 Nc7 10. Be3 h6 1/2-1/2

[Event "AUT-chT2S 9394"]
[Site "Austria"]
[Date "1994.??.??"]
[Round "?"]
[White "Wildner, Reinhard"]
[Black "Leitner, Kurt"]
[Result "1/2-1/2"]
[WhiteElo "2040"]
[BlackElo "2125"]
[PlyCount "23"]
[EventDate "1993.??.??"]
[EventType "team"]
[EventRounds "11"]
[EventCountry "AUT"]
[SourceTitle "EXT 1998"]
[Source "ChessBase"]
[SourceDate "1997.11.17"]
[SourceVersion "1"]
[SourceVersionDate "1997.11.17"]
[SourceQuality "1"]

1. c4 d6 2. Nc3 Nf6 3. g3 g6 4. Bg2 Bg7 5. b3 0-0 6. Bb2 c6 7. Nf3 e5 8. d3 Nbd7 9. 0-0 Qe7 10. Qc2 a6 11. a4 Rb8 12. b4 1/2-1/2